00277nam a2200109Ia 4500008004100000245005100041260002200092440000600114521002300120942000700143999001700150140130s9999 xx 000 0 und d cCamilla WilsonaRosa Parks: From The Back Of.. bScholastic,c2003 v1 aGrade 7 - Grade 12 cBK c41367d41367